[Event "Berlin Cup"]
[Site "Berlin"]
[Date "2017.09.14"]
[Round "2"]
[White "Adelberger, Georg"]
[Black "Wolf, Manfred"]
[Result "0-1"]
[WhiteElo "1977"]
[BlackElo "2036"]
[PlyCount "108"]
[EventDate "2017.09.14"]
[EventType "k.o."]
[EventRounds "6"]
[EventCountry "GER"]
[SourceTitle "CBM 189 Extra"]
[Source "ChessBase"]
[SourceDate "2019.06.03"]
[SourceVersion "1"]
[SourceVersionDate "2019.06.03"]
[SourceQuality "1"]

1. Nf3 d6 2. d4 Bg4 3. e3 Nd7 4. Be2 Ngf6 5. Nbd2 e6 6. c4 c6 7. 0-0 Be7 8. b4 0-0 9. Bb2 d5 10. c5 b6 11. Rc1 b5 12. Bc3 Qc7 13. Ne5 Bxe2 14. Qxe2 Nxe5 15. dxe5 Nd7 16. f4 f6 17. exf6 Bxf6 18. Qg4 Rae8 19. Nf3 Bxc3 20. Rxc3 Nf6 21. Qh3 Ne4 22. Ra3 Rf6 23. g3 a5 24. Rxa5 Nxc5 25. Ne5 Ne4 26. Rc1 c5 27. Rxb5 c4 28. Qg2 Qa7 29. Qe2 Qa3 30. Rc2 Nc3 31. Qd2 Nxb5 32. e4 Qa7+ 33. Kg2 Qd4 34. exd5 Qxd5+ 35. Qxd5 exd5 36. a4 Nd4 37. Rd2 Nf5 38. Kf3 Ne7 39. b5 Ra8 40. Ra2 Rb6 41. Nd7 Rxb5 42. Re2 Rb3+ 43. Kg4 Ng6 44. h4 d4 45. h5 Nf8 46. Nc5 d3 47. Ra2 Rc3 48. h6 Rc2 49. Ra1 d2 50. Rd1 c3 51. Ne4 Rc1 52. Nxc3 Rxc3 53. hxg7 Kxg7 54. Rxd2 Rxa4 0-1

[Event "Berlin-ch Seniors op 32nd"]
[Site "Berlin"]
[Date "2016.02.04"]
[Round "9"]
[White "Wolf, Manfred"]
[Black "Badestein, Hartmut"]
[Result "0-1"]
[WhiteElo "2083"]
[BlackElo "2033"]
[PlyCount "124"]
[EventDate "2016.01.26"]
[EventType "swiss"]
[EventRounds "9"]
[EventCountry "GER"]
[SourceTitle "EXT 2019"]
[Source "ChessBase"]
[SourceDate "2018.10.10"]
[SourceVersion "1"]
[SourceVersionDate "2018.10.10"]
[SourceQuality "1"]

1. Nf3 d5 2. b3 Nf6 3. Bb2 g6 4. e3 Bg7 5. Be2 0-0 6. 0-0 Nbd7 7. d3 b6 8. Nbd2 Bb7 9. c4 dxc4 10. Nxc4 Nc5 11. b4 Ne6 12. Qc2 Nd5 13. Bxg7 Nxg7 14. Qb2 Qc8 15. Rfc1 Qe6 16. Rc2 f6 17. Nd4 Qd7 18. Bf3 e5 19. Ne2 Ne6 20. Nc3 Ng5 21. Bxd5+ Bxd5 22. Nxd5 Qxd5 23. Qb3 Rf7 24. Na5 Qxb3 25. Nxb3 Rd8 26. d4 Rfd7 27. h4 Ne6 28. dxe5 Rd1+ 29. Rxd1 Rxd1+ 30. Kh2 fxe5 31. Nd2 Kf7 32. Nc4 Kf6 33. g3 c5 34. bxc5 Nxc5 35. Nb2 Rd7 36. Kg2 e4 37. Kf1 Ke6 38. Ke2 Rd5 39. Rd2 Rxd2+ 40. Kxd2 Kd5 41. Kc3 h5 42. Kd2 b5 43. Kc3 a5 44. a3 Nd7 45. Nd1 Kc5 46. Kb3 b4 47. axb4+ axb4 48. Nb2 Kb5 49. Kc2 Nc5 50. Kd2 Na4 51. Nd1 Kc4 52. f4 exf3 53. e4 Kd4 54. Nf2 b3 55. Kc1 b2+ 56. Kc2 b1Q+ 57. Kxb1 Nc3+ 58. Kc2 Nxe4 59. Nxe4 Kxe4 60. Kd1 f2 61. Ke2 f1Q+ 62. Kxf1 Kf3 0-1

[Event "Berlin-ch Seniors op 31st"]
[Site "Berlin"]
[Date "2015.02.06"]
[Round "8"]
[White "Wolf, Manfred"]
[Black "Albrecht, Rainer"]
[Result "0-1"]
[WhiteElo "1884"]
[BlackElo "1996"]
[PlyCount "74"]
[EventDate "2015.01.29"]
[EventType "swiss"]
[EventRounds "9"]
[EventCountry "GER"]
[SourceTitle "EXT 2018"]
[Source "ChessBase"]
[SourceDate "2017.10.13"]
[SourceVersion "1"]
[SourceVersionDate "2017.10.13"]
[SourceQuality "1"]

1. Nf3 e6 2. b3 f5 3. Bb2 Nf6 4. g3 Be7 5. Bg2 0-0 6. 0-0 d6 7. d4 Ne4 8. Nfd2 d5 9. f3 Nxd2 10. Nxd2 b6 11. c4 Bb7 12. e4 c5 13. cxd5 exd5 14. exf5 Rxf5 15. f4 Rf8 16. Nf3 Nd7 17. Qd3 Bf6 18. Qd2 Re8 19. Rfe1 Qc7 20. Rac1 Qd6 21. Ne5 cxd4 22. Nxd7 Qxd7 23. Bxd4 Bxd4+ 24. Qxd4 Rad8 25. Re5 Qf7 26. Rce1 Rxe5 27. Qxe5 d4 28. Bh3 Kf8 29. Be6 Qf6 30. Qc7 d3 31. Qxb7 d2 32. Rd1 Qxe6 33. Kf2 Re8 34. Qf3 Qe1+ 35. Kg2 Re2+ 36. Kh3 Qxd1 37. Qa8+ Re8 0-1

[Event "Berlin-ch Seniors op 31st"]
[Site "Berlin"]
[Date "2015.02.04"]
[Round "6"]
[White "Wolf, Manfred"]
[Black "Junge, Wolfgang"]
[Result "1-0"]
[WhiteElo "1884"]
[BlackElo "1820"]
[PlyCount "89"]
[EventDate "2015.01.29"]
[EventType "swiss"]
[EventRounds "9"]
[EventCountry "GER"]
[SourceTitle "EXT 2018"]
[Source "ChessBase"]
[SourceDate "2017.10.13"]
[SourceVersion "1"]
[SourceVersionDate "2017.10.13"]
[SourceQuality "1"]

1. Nf3 Nf6 2. c4 e6 3. g3 d5 4. b3 Be7 5. Bg2 Nbd7 6. Bb2 c6 7. 0-0 0-0 8. Qc2 Re8 9. d3 Qc7 10. Nbd2 Bd6 11. Rac1 Qa5 12. a3 Qc7 13. b4 a6 14. Rfe1 dxc4 15. Nxc4 Be7 16. e4 Qd8 17. e5 Nd5 18. d4 Nf8 19. Nfd2 Rb8 20. Ne4 h6 21. Ned6 Bxd6 22. Nxd6 Re7 23. Ne4 Rc7 24. Qe2 Bd7 25. Qd2 Be8 26. a4 Qe7 27. Nc5 Nd7 28. Ba3 Nxc5 29. Rxc5 Rd8 30. b5 Qd7 31. bxa6 bxa6 32. Bf1 Ra8 33. Ra5 Qc8 34. Qc2 Rd7 35. Bd6 Qd8 36. Qc5 Rda7 37. Rb1 Bd7 38. Bc4 Qc8 39. Bxd5 cxd5 40. Rb6 Qe8 41. Qb4 Bc8 42. Rc5 Qd7 43. a5 Qe8 44. Rb8 Rxb8 45. Qxb8 1-0

[Event "Berlin-ch Seniors op 30th"]
[Site "Berlin"]
[Date "2014.02.05"]
[Round "7"]
[White "Wolf, Manfred"]
[Black "Fiedler, Wolfgang"]
[Result "0-1"]
[WhiteElo "1862"]
[BlackElo "1746"]
[PlyCount "84"]
[EventDate "2014.01.30"]
[EventType "swiss"]
[EventRounds "9"]
[EventCountry "GER"]
[SourceTitle "EXT 2018"]
[Source "ChessBase"]
[SourceDate "2017.10.13"]
[SourceVersion "1"]
[SourceVersionDate "2017.10.13"]
[SourceQuality "1"]

1. Nf3 d5 2. b3 Bg4 3. Ne5 Bh5 4. g4 f6 5. Bb2 fxe5 6. gxh5 Nc6 7. e3 Nf6 8. c4 e6 9. cxd5 exd5 10. Bb5 Bd6 11. Qc2 Qd7 12. Nc3 a6 13. Be2 Nb4 14. Qb1 d4 15. Ne4 dxe3 16. dxe3 Qc6 17. Nxd6+ cxd6 18. 0-0 0-0 19. Qd1 Qd7 20. a3 Nc6 21. Rc1 Qh3 22. Rc4 Qe6 23. Rg4 d5 24. Rh4 Rad8 25. e4 Qe7 26. exd5 Nxd5 27. Rh3 Ne3 28. Qc1 Nxf1 29. Kxf1 Nd4 30. Bc4+ Kh8 31. Qe3 b5 32. Bd3 Qf6 33. Be4 Qf4 34. Qxf4 Rxf4 35. Re3 Rdf8 36. f3 Nxf3 37. Ke2 Nd4+ 38. Kd3 Nxb3 39. Bxe5 Nc5+ 40. Kd4 Rxe4+ 41. Rxe4 Nxe4 42. h6 Nf6 0-1

[Event "Berlin-ch Seniors op 30th"]
[Site "Berlin"]
[Date "2014.02.04"]
[Round "6"]
[White "Albrecht, Rainer"]
[Black "Wolf, Manfred"]
[Result "1/2-1/2"]
[WhiteElo "2083"]
[BlackElo "1862"]
[PlyCount "33"]
[EventDate "2014.01.30"]
[EventType "swiss"]
[EventRounds "9"]
[EventCountry "GER"]
[SourceTitle "EXT 2018"]
[Source "ChessBase"]
[SourceDate "2017.10.13"]
[SourceVersion "1"]
[SourceVersionDate "2017.10.13"]
[SourceQuality "1"]

1. d4 d6 2. c4 e5 3. d5 f5 4. e4 Nf6 5. exf5 Bxf5 6. Nc3 Be7 7. Nge2 0-0 8. Ng3 Bg6 9. Bd3 Bxd3 10. Qxd3 Nbd7 11. Bg5 Ng4 12. Bxe7 Qxe7 13. f3 Nh6 14. 0-0 Nc5 15. Qc2 a5 16. b3 Rf4 17. Rae1 1/2-1/2

[Event "Berlin-ch Seniors op 30th"]
[Site "Berlin"]
[Date "2014.01.31"]
[Round "2"]
[White "Kuehnemann, Gunnar"]
[Black "Wolf, Manfred"]
[Result "0-1"]
[WhiteElo "1558"]
[BlackElo "1862"]
[PlyCount "76"]
[EventDate "2014.01.30"]
[EventType "swiss"]
[EventRounds "9"]
[EventCountry "GER"]
[SourceTitle "EXT 2018"]
[Source "ChessBase"]
[SourceDate "2017.10.13"]
[SourceVersion "1"]
[SourceVersionDate "2017.10.13"]
[SourceQuality "1"]

1. d4 d6 2. Nf3 Bg4 3. Nbd2 Nd7 4. g3 Ngf6 5. Bg2 e6 6. 0-0 Be7 7. c4 0-0 8. e4 e5 9. d5 Nc5 10. Re1 a5 11. Qc2 c6 12. h3 Bd7 13. b3 cxd5 14. Qd1 d4 15. Nh4 g6 16. Ba3 Ne8 17. Nhf3 Rc8 18. Kh2 f5 19. Bxc5 Rxc5 20. exf5 gxf5 21. Nf1 Ng7 22. Ng1 Bc6 23. Bxc6 Rxc6 24. Rc1 Bf6 25. a3 Qc7 26. Nf3 Rc8 27. a4 Ne6 28. Nh4 Bxh4 29. gxh4 Nf4 30. Ng3 Qf7 31. Ne2 Ng6 32. h5 Nh4 33. Rg1+ Kf8 34. Ng3 Qf6 35. h6 e4 36. Nh5 Qe5+ 37. Kh1 Nf3 38. Rg2 d5 0-1

[Event "Berlin-ch Seniors op 27th"]
[Site "Berlin"]
[Date "2011.02.05"]
[Round "8"]
[White "Wolf, Manfred"]
[Black "Nietsch, Horst"]
[Result "1-0"]
[WhiteElo "1942"]
[BlackElo "1815"]
[PlyCount "75"]
[EventDate "2011.01.29"]
[EventType "swiss"]
[EventRounds "9"]
[EventCountry "GER"]
[SourceTitle "EXT 2012"]
[Source "ChessBase"]
[SourceDate "2011.11.24"]
[SourceVersion "1"]
[SourceVersionDate "2011.11.24"]
[SourceQuality "1"]

1. Nf3 d5 2. b3 Nf6 3. Bb2 Bf5 4. d3 e6 5. g3 Nbd7 6. Bg2 Be7 7. 0-0 0-0 8. Nfd2 c6 9. e4 Bg4 10. Qe1 e5 11. h3 Be6 12. f4 exf4 13. gxf4 dxe4 14. dxe4 Nb6 15. f5 Bd7 16. e5 Nfd5 17. Ne4 f6 18. e6 Be8 19. Qe2 Qc7 20. Qf3 Bd6 21. Nxd6 Qxd6 22. Ba3 c5 23. Qf2 Qe5 24. Nd2 Nb4 25. Rae1 Qc7 26. Ne4 Bb5 27. c4 Nd3 28. Qe2 Nxe1 29. Rxe1 Bc6 30. e7 Rf7 31. Nxf6+ gxf6 32. Bxc6 bxc6 33. e8Q+ Rxe8 34. Qxe8+ Kg7 35. Re2 Kh6 36. Qe3+ Kg7 37. Rg2+ Kf8 38. Bxc5+ 1-0

[Event "Berlin-ch Seniors op 27th"]
[Site "Berlin"]
[Date "2011.01.29"]
[Round "1"]
[White "Pfueller, Volker"]
[Black "Wolf, Manfred"]
[Result "1/2-1/2"]
[WhiteElo "1609"]
[BlackElo "1942"]
[PlyCount "132"]
[EventDate "2011.01.29"]
[EventType "swiss"]
[EventRounds "9"]
[EventCountry "GER"]
[SourceTitle "EXT 2012"]
[Source "ChessBase"]
[SourceDate "2011.11.24"]
[SourceVersion "1"]
[SourceVersionDate "2011.11.24"]
[SourceQuality "1"]

1. b4 d5 2. Bb2 Nf6 3. e3 e5 4. Bxe5 Bxb4 5. c4 Nc6 6. Bb2 0-0 7. cxd5 Nxd5 8. Nf3 Re8 9. Be2 Qe7 10. 0-0 Bg4 11. Nd4 Bxe2 12. Nxc6 Bxd1 13. Nxe7+ Rxe7 14. Rxd1 Rd8 15. d4 f5 16. g3 Re6 17. Nd2 Rc6 18. a3 Rc2 19. axb4 Rxb2 20. Rab1 Rxb4 21. Rxb4 Nxb4 22. Rb1 a5 23. Rc1 Nd5 24. Kf1 a4 25. Ke2 b5 26. Rc5 b4 27. Kd3 b3 28. Kc4 Nb6+ 29. Kc3 Ra8 30. Rxf5 c6 31. e4 Rd8 32. Ra5 Rb8 33. Kb2 Rd8 34. Kc3 Rb8 35. f4 b2 36. Nb1 Kf7 37. Ra6 Ke6 38. Kxb2 Kd6 39. Kc2 Nc4 40. d5 Ne3+ 41. Kc1 Rb4 42. Rxc6+ Kd7 43. Nd2 a3 44. Ra6 Nc4 45. Nxc4 Rxc4+ 46. Kd2 Rxe4 47. Rxa3 Rd4+ 48. Ke3 Rb4 49. Ra6 Rb2 50. h4 Rb3+ 51. Kf2 Ke7 52. d6+ Kf6 53. d7+ Ke7 54. Rd6 Kd8 55. Kg2 Rc3 56. g4 Rc7 57. Kf3 Rxd7 58. Rxd7+ Kxd7 59. f5 h6 60. Ke4 Ke7 61. Ke5 Kf7 62. g5 hxg5 63. hxg5 g6 64. f6 Kf8 65. Kd6 Kf7 66. Kc7 Kf8 1/2-1/2

[Event "Muenster Bezirksliga 0607"]
[Site "Germany"]
[Date "2006.10.28"]
[Round "2.40"]
[White "Voigtlaender, Wolfgang"]
[Black "Wolf, Manfred"]
[Result "0-1"]
[WhiteElo "1690"]
[BlackElo "1639"]
[PlyCount "104"]
[EventDate "2006.09.16"]
[EventType "team"]
[EventRounds "9"]
[EventCountry "GER"]
[SourceTitle "EXT 2008"]
[Source "ChessBase"]
[SourceDate "2007.11.25"]
[SourceVersion "1"]
[SourceVersionDate "2007.11.25"]
[SourceQuality "1"]
[WhiteTeam "Telgte II"]
[BlackTeam "Muenster SF"]
[WhiteTeamCountry "GER"]
[BlackTeamCountry "GER"]

1. e4 e5 2. Nf3 Nc6 3. Bc4 Be7 4. Nc3 Nf6 5. d3 0-0 6. a3 d6 7. h3 Be6 8. Be3 Bxc4 9. dxc4 a6 10. Qd2 Rb8 11. a4 Qe8 12. 0-0 Nd8 13. Qd3 Ne6 14. Nd5 b6 15. Nxf6+ Bxf6 16. Nh2 Qe7 17. Rae1 Bg5 18. b3 Bxe3 19. Rxe3 Nf4 20. Qd1 f5 21. exf5 Rxf5 22. Qg4 Rbf8 23. Rg3 h5 24. Qd1 e4 25. Qd2 Rg5 26. h4 Re5 27. Re1 Qxh4 28. Ree3 Qe7 29. Nf1 h4 30. Rg4 Rg5 31. Qd1 Qf6 32. f3 Rxg4 33. fxg4 Nxg2 34. Kxg2 Qf2+ 35. Kh1 Qxf1+ 36. Qxf1 Rxf1+ 37. Kg2 Rf4 38. g5 Kf7 39. c3 Kg6 40. b4 Kxg5 41. b5 a5 42. Re1 Kf5 43. Kh3 g5 44. c5 bxc5 45. c4 Rf3+ 46. Kh2 Rc3 47. Rf1+ Ke5 48. Rf7 Rxc4 49. Rxc7 Rxa4 50. b6 Rb4 51. b7 Kd4 52. Rd7 d5 0-1

[Event "Bahn-chG"]
[Site "Baiersbronn"]
[Date "1998.10.26"]
[Round "3"]
[White "Schmidt, Volker"]
[Black "Wolf, Manfred"]
[Result "1-0"]
[WhiteElo "1873"]
[BlackElo "1743"]
[PlyCount "37"]
[EventDate "1998.10.25"]
[EventType "swiss"]
[EventRounds "7"]
[EventCountry "GER"]
[SourceTitle "EXT 2001"]
[Source "ChessBase"]
[SourceDate "2000.11.22"]
[SourceVersion "1"]
[SourceVersionDate "2000.11.22"]
[SourceQuality "1"]

1. d4 d5 2. c4 c6 3. cxd5 cxd5 4. Nc3 Nc6 5. Bf4 Bf5 6. e3 Nf6 7. Bd3 Bxd3 8. Qxd3 e6 9. a3 Be7 10. Nf3 0-0 11. 0-0 Rc8 12. Rac1 a6 13. b4 h6 14. Na4 Nd7 15. Bg3 b5 16. Nc5 Nxc5 17. dxc5 Bf6 18. Rfd1 Qe7 19. Bd6 1-0